000 00284 a2200145 4500
001 169703
020 _a
040 _cMagnum
100 _aJornal do Brasil
240 1 0 _aMinas turismo
_lpor
245 1 0 _aMinas turismo
362 0 _a1899
697 _aPARADIDATICO
942 _cBK
999 _c169703
_d169703